Foundational texts in modern criminal law / (Record no. 1550)

MARC details
000 -LEADER
fixed length control field 03378cam a2200421 i 4500
001 - CONTROL NUMBER
control field data
005 - DATE AND TIME OF LATEST TRANSACTION
control field 20260322212106.0
008 - FIXED-LENGTH DATA ELEMENTS--GENERAL INFORMATION
fixed length control field data
035 ## - SYSTEM CONTROL NUMBER
System control number 18043006
010 ## - LIBRARY OF CONGRESS CONTROL NUMBER
LC control number 2014933416
015 ## - NATIONAL BIBLIOGRAPHY NUMBER
National bibliography number GBB450089
Source bnb
016 7# - NATIONAL BIBLIOGRAPHIC AGENCY CONTROL NUMBER
Record control number 016713573
Source Uk
020 ## - INTERNATIONAL STANDARD BOOK NUMBER
International Standard Book Number 9780199673612
Qualifying information hbk.
020 ## - INTERNATIONAL STANDARD BOOK NUMBER
International Standard Book Number 0199673616
Qualifying information hbk.
035 ## - SYSTEM CONTROL NUMBER
System control number (OCoLC)880192826
040 ## - CATALOGING SOURCE
Original cataloging agency UKMGB
Language of cataloging eng
Transcribing agency UKMGB
Description conventions rda
Modifying agency DLC
-- BTCTA
-- BDX
-- CDX
-- OCLCF
-- YDXCP
-- ZYF
-- CLU
-- DLC
042 ## - AUTHENTICATION CODE
Authentication code lccopycat
050 00 - LIBRARY OF CONGRESS CALL NUMBER
Classification number K5018
Item number .F68 2014
082 04 - DEWEY DECIMAL CLASSIFICATION NUMBER
Classification number 345
Edition information 23
245 00 - TITLE STATEMENT
Title Foundational texts in modern criminal law /
Statement of responsibility, etc. edited by Markus D. Dubber.
250 ## - EDITION STATEMENT
Edition statement First edition.
264 #1 - PRODUCTION, PUBLICATION, DISTRIBUTION, MANUFACTURE, AND COPYRIGHT NOTICE
Place of production, publication, distribution, manufacture Oxford, United Kingdom :
Name of producer, publisher, distributor, manufacturer Oxford University Press,
Date of production, publication, distribution, manufacture, or copyright notice 2014.
300 ## - PHYSICAL DESCRIPTION
Extent viii, 432 pages ;
Dimensions 26 cm
336 ## - CONTENT TYPE
Content type term text
Content type code txt
Source rdacontent
337 ## - MEDIA TYPE
Media type term unmediated
Media type code n
Source rdamedia
338 ## - CARRIER TYPE
Carrier type term volume
Carrier type code nc
Source rdacarrier
504 ## - BIBLIOGRAPHY, ETC. NOTE
Bibliography, etc. note Includes bibliographical references and index.
505 00 - FORMATTED CONTENTS NOTE
Title On the theory of enemy criminal law /
Statement of responsibility Günther Jakobs.
Title Hobbes on "diffidence" and the criminal law /
Statement of responsibility Alice Ristroph --
Title Beccaria's On Crimes and Punishments : a mirror on the history of the foundations of modern criminal law /
Statement of responsibility Bernard E Harcourt --
Title Blackstone's criminal law : common-law harmonization and legislative reform /
Statement of responsibility Simon Stern --
Title Foundations of the legislative panopticon : Bentham's Principles of Morals and Legislation /
Statement of responsibility Guyora Binder --
Title Dignity, crime and punishment : a Kantian perspective /
Statement of responsibility Meir Dan-Cohen --
Title PJA von Feuerbach and his Textbook of the Common Penal Law /
Statement of responsibility Tatjana Hörnle --
Title The contraction of crime in Hegel's Rechtsphilosophie /
Statement of responsibility Alan Brudner --
Title Mill's On Liberty and the modern "harm to others" principle /
Statement of responsibility Bernard E Harcourt --
Title James Fitzjames Stephen : the punishment jurist /
Statement of responsibility Marc O DeGirolami --
Title Pashukanis and public protection /
Statement of responsibility Peter Ramsay --
Title Radbruch on the origins of criminal law : punitive interventions before sovereignty /
Statement of responsibility Mireille Hildebrandt --
Title The model penal code, legal process, and the alegitimacy of American penality /
Statement of responsibility Markus D Dubber --
Title The modest ambition of Glanville Williams /
Statement of responsibility Lindsay Farmer --
Title The radical orthodoxy of Hart's Punishment and Responsibility /
Statement of responsibility Malcolm Thorburn --
Title Criminal law as an efficiency-enhancing device : the contribution of Gary Becker /
Statement of responsibility Alon Harel --
Title Foucault, criminal law, and the governmentalization of the state /
Statement of responsibility Pat O'Malley and Mariana Valverde --
Title Nils Christie : "Conflicts as Property" /
Statement of responsibility Vidar Halvorsen --
Title Günther Jakobs's Feindstrafrecht : a dispassionate account /
Statement of responsibility Daniel Ohana --
Title Textbook of the common penal law in force in Germany /
Statement of responsibility Paul Johann Anselm Feuerbach --
Title Concerning the need for a right violation in the concept of a crime, having particular regard to the concept of an affront to honour /
Statement of responsibility Johann Michael Franz Birnbaum --
Title The origin of criminal law in the status of the unfree /
Statement of responsibility Gustav Radbruch --
Title On the theory of enemy criminal law /
Statement of responsibility Günther Jakobs.
650 #0 - SUBJECT ADDED ENTRY--TOPICAL TERM
Topical term or geographic name entry element Criminal law
General subdivision Philosophy.
650 #0 - SUBJECT ADDED ENTRY--TOPICAL TERM
Topical term or geographic name entry element Criminal law
General subdivision History.
650 #0 - SUBJECT ADDED ENTRY--TOPICAL TERM
Topical term or geographic name entry element Criminal law
General subdivision Sources.
650 #7 - SUBJECT ADDED ENTRY--TOPICAL TERM
Topical term or geographic name entry element Criminal law.
Source of heading or term fast
Authority record control number or standard number (OCoLC)fst00883328
700 1# - ADDED ENTRY--PERSONAL NAME
Personal name Dubber, Markus Dirk,
Relator term editor.
906 ## - LOCAL DATA ELEMENT F, LDF (RLIN)
a 7
b cbc
c copycat
d 2
e epcn
f 20
g y-gencatlg
925 0# -
-- acquire
-- 1 shelf copy
-- policy default
Holdings
Withdrawn status Lost status Damaged status Not for loan Home library Current library Shelving location Date acquired Total checkouts Full call number Barcode Date last seen Price effective from Koha item type
        Liberty Liberty General stacks 22/03/2026   345 LOC-LPL-00013 22/03/2026 22/03/2026 Books